| 000 -LEADER |
| fixed length control field |
nam a22 a 4500 |
| 005 - DATE AND TIME OF LATEST TRANSACTION |
| control field |
20170531103134.0 |
| 008 - FIXED-LENGTH DATA ELEMENTS--GENERAL INFORMATION |
| fixed length control field |
170531s2003 my ||||| |||| 00| 0 eng d |
| 040 ## - CATALOGING SOURCE |
| Original cataloging agency |
AKMAL |
| 082 ## - DEWEY DECIMAL CLASSIFICATION NUMBER |
| Classification number |
363.7387509595 DOE |
| 090 ## - LOCALLY ASSIGNED LC-TYPE CALL NUMBER (OCLC); LOCAL CALL NUMBER (RLIN) |
| Classification number (OCLC) (R) ; Classification number, CALL (RLIN) (NR) |
363.7387509595 |
| Local cutter number (OCLC) ; Book number/undivided call number, CALL (RLIN) |
DOE |
| 240 ## - UNIFORM TITLE |
| Uniform title |
Malaysia National CFC Phaseout Plan [NCFCP] |
| 245 10 - TITLE STATEMENT |
| Title |
Customs - ODS Training Programme : |
| Remainder of title |
Training Manual For Customs Officers. / |
| Statement of responsibility, etc. |
Ozone Protection Section, Department Of Enviroment, Ministry of Science, Technology and The Enviroment Malaysia . |
| 260 ## - PUBLICATION, DISTRIBUTION, ETC. |
| Place of publication, distribution, etc. |
Malaysia: |
| Name of publisher, distributor, etc. |
Ozone Protection Section, Department Of Enviroment, Ministry of Science, Technology and The Enviroment Malaysia . |
| Date of publication, distribution, etc. |
[2003] |
| 300 ## - PHYSICAL DESCRIPTION |
| Extent |
60 pages: |
| Other physical details |
ill.: |
| Dimensions |
30 cm |
| 500 ## - GENERAL NOTE |
| General note |
" This publication of this document is funded by the Government of Malaysia, and supported by the Fund of the Montreal Protocol." |
| 610 #0 - SUBJECT ADDED ENTRY--CORPORATE NAME |
| Corporate name or jurisdiction name as entry element |
Ministry of Science, Technology and The Enviroment Malaysia . |
| 9 (RLIN) |
8770 |
| 610 #0 - SUBJECT ADDED ENTRY--CORPORATE NAME |
| Corporate name or jurisdiction name as entry element |
Fund of the Montreal Protocol |
| 9 (RLIN) |
8771 |
| 650 10 - SUBJECT ADDED ENTRY--TOPICAL TERM |
| Topical term or geographic name entry element |
Customs administration |
| General subdivision |
Training manuals |
| 9 (RLIN) |
8772 |
| 710 ## - ADDED ENTRY--CORPORATE NAME |
| Corporate name or jurisdiction name as entry element |
Ministry of Science, Technology and The Enviroment Malaysia . |
| Subordinate unit |
Ozone Protection Section, Department Of Enviroment. |
| 9 (RLIN) |
8773 |
| 942 ## - ADDED ENTRY ELEMENTS (KOHA) |
| Source of classification or shelving scheme |
|
| Koha item type |
Book |
| 950 ## - LOCAL HOLDINGS (RLIN) |
| Permanent shelving location, LOC (RLIN) |
AKMAL |